[Event "25th European Teams Women"]
[Site "Batumi GEO"]
[Date "2025.10.14"]
[Round "9.13"]
[Board "4"]
[White "Deak-Sala, Emilia"]
[Black "Tashkinova, Sofiia"]
[Result "1-0"]
[WhiteTitle "WFM"]
[BlackTitle "WFM"]
[WhiteElo "2170"]
[BlackElo "2036"]
[WhiteTeam "Austria"]
[BlackTeam "Israel"]
[WhiteFideId "795615"]
[BlackFideId "14188309"]
[EventDate "2025.10.05"]

1. e4 c5 2. Nf3 Nc6 3. Bb5 g6 4. c3 Nf6 5. Qe2 Bg7 6. O-O O-O 7. d4 d5 8. e5 Ne4
9. h3 cxd4 10. cxd4 Qb6 11. Be3 a6 12. Ba4 Bd7 13. Nc3 Qa5 14. Bb3 Nxc3 15. bxc3
Rac8 16. Bd2 Na7 17. a4 Be6 18. Ng5 Qb6 19. Rab1 Qc6 20. Nxe6 Qxe6 21. Bc2 Rc7
22. Bd3 Qd7 23. a5 Nc6 24. Ra1 Rcc8 25. f4 f5 26. exf6 exf6 27. f5 Rfe8 28. Qf3
g5 29. Bxg5 fxg5 30. f6 Bxf6 31. Qxf6 Qg7 32. Qf5 Rcd8 33. Kh1 Kh8 34. Qg4 Re3
35. Rf3 Rxf3 36. Qxf3 Rg8 37. Qxd5 g4 38. Qh5 gxh3 39. Qxh3 Qe7 40. Rf1 Nxa5 41.
d5 b5 42. d6 Qg7 43. Rf4 Re8 44. d7 Rd8 45. Re4 Qxd7 46. Re8+ Kg7 47. Qxh7+ 1-0

[Event "25th European Teams Women"]
[Site "Batumi GEO"]
[Date "2025.10.14"]
[Round "9.14"]
[Board "1"]
[White "Paasikangas, Johanna"]
[Black "Sucikova, Svetlana"]
[Result "0-1"]
[WhiteTitle "FM"]
[BlackTitle "WIM"]
[WhiteElo "2106"]
[BlackElo "2162"]
[WhiteTeam "Finland"]
[BlackTeam "Slovakia"]
[WhiteFideId "500879"]
[BlackFideId "14923653"]
[EventDate "2025.10.05"]

1. e4 c6 2. d4 d5 3. e5 Bf5 4. Nf3 e6 5. Be2 Nd7 6. O-O a5 7. a4 f6 8. c3 fxe5
9. dxe5 Bc5 10. Nd4 Qb6 11. g4 Bxb1 12. Rxb1 Bxd4 13. cxd4 Ne7 14. Bg5 Qb4 15.
f4 Rf8 16. Kh1 h6 17. Bh4 c5 18. Be1 Qxd4 19. Qxd4 cxd4 20. b4 axb4 21. Rxb4 Nc5
22. Rxd4 Nc6 23. Bb5 Rf7 24. f5 Kd8 25. Bxc6 bxc6 26. Bb4 Nxa4 27. Bd6 Nc3 28.
Rdf4 Ne2 29. R4f2 Nd4 30. Bc5 Nb3 31. fxe6 Rxf2 32. Bb6+ Ke7 33. Rxf2 Kxe6 34.
Rb2 Ra1+ 35. Kg2 Nc1 36. Be3 Nd3 37. Rb6 Kxe5 0-1

[Event "25th European Teams Women"]
[Site "Batumi GEO"]
[Date "2025.10.14"]
[Round "9.14"]
[Board "2"]
[White "Nadzamova, Viktoria"]
[Black "Tuominen, Tanja"]
[Result "0-1"]
[WhiteTitle "WFM"]
[BlackTitle "WIM"]
[WhiteElo "2126"]
[BlackElo "2025"]
[WhiteTeam "Slovakia"]
[BlackTeam "Finland"]
[WhiteFideId "14943999"]
[BlackFideId "502340"]
[EventDate "2025.10.05"]

1. e4 c6 2. d4 d5 3. exd5 cxd5 4. Bd3 Nc6 5. c3 Nf6 6. Bf4 Bg4 7. Qb3 Qd7 8. Nd2
e6 9. h3 Bh5 10. Ngf3 Bd6 11. Bxd6 Qxd6 12. O-O O-O 13. Rae1 Bxf3 14. Nxf3 Qc7
15. Qd1 Rab8 16. Ne5 Nxe5 17. dxe5 Nd7 18. Qb1 g6 19. f4 b5 20. a3 a5 21. Kh1 b4
22. cxb4 axb4 23. a4 b3 24. h4 Nc5 25. h5 Rfc8 26. f5 Rb4 27. fxg6 fxg6 28. Re3
Rh4+ 29. Kg1 d4 30. Re2 Qg7 31. Rf6 Rxh5 32. Bxg6 Rh4 33. Ref2 Kh8 34. Bf7 Qg3
35. Be8 Qh2+ 36. Kf1 Qh1+ 37. Ke2 d3+ 38. Qxd3 Qe1+ 39. Kxe1 Nxd3+ 40. Ke2 Nxf2
41. Rxe6 Rc2+ 42. Kf3 Nd3 43. Rb6 Nxe5+ 44. Kg3 Rg4+ 45. Kh3 Rgxg2 46. Rxb3 Rxb2
47. Re3 Ng6 48. Bc6 Nf4+ 49. Kh4 Rg6 0-1

[Event "25th European Teams Women"]
[Site "Batumi GEO"]
[Date "2025.10.14"]
[Round "9.14"]
[Board "3"]
[White "Puuska, Heini"]
[Black "Bochnickova, Simona"]
[Result "0-1"]
[WhiteTitle "WFM"]
[BlackTitle "WFM"]
[WhiteElo "1907"]
[BlackElo "2102"]
[WhiteTeam "Finland"]
[BlackTeam "Slovakia"]
[WhiteFideId "502324"]
[BlackFideId "14958562"]
[EventDate "2025.10.05"]

1. d4 Nf6 2. Nf3 d5 3. e3 e6 4. c3 c5 5. Bd3 b6 6. O-O Bb7 7. Nbd2 Nbd7 8. Re1
Be7 9. e4 cxd4 10. cxd4 dxe4 11. Nxe4 O-O 12. Bg5 h6 13. Bh4 Nxe4 14. Bxe7 Qxe7
15. Bxe4 Nf6 16. Bxb7 Qxb7 17. Rc1 Rac8 18. Qe2 Rxc1 19. Rxc1 Rc8 20. Rxc8+ Qxc8
21. h3 Qc1+ 22. Kh2 Qf4+ 23. Kg1 Qc1+ 24. Kh2 Nd5 25. Qb5 Qc8 26. Ne5 a6 27. Qe2
b5 28. Qd2 Qc7 29. Kg1 a5 30. a3 b4 31. axb4 axb4 32. b3 Qa7 33. Nc4 Nc3 34. Kh2
Qa1 35. Qf4 Ne2 36. Qb8+ Kh7 37. h4 Qg1+ 38. Kh3 Qxf2 39. Qb7 Qg3# 0-1

[Event "25th European Teams Women"]
[Site "Batumi GEO"]
[Date "2025.10.14"]
[Round "9.14"]
[Board "4"]
[White "Sevcikova, Lucia"]
[Black "Lehtinen, Helja"]
[Result "0-1"]
[WhiteTitle "WFM"]
[WhiteElo "2116"]
[BlackElo "1953"]
[WhiteTeam "Slovakia"]
[BlackTeam "Finland"]
[WhiteFideId "14940744"]
[BlackFideId "515566"]
[EventDate "2025.10.05"]

1. d4 Nf6 2. c4 e6 3. Nc3 Bb4 4. Nf3 d6 5. Bd2 Nbd7 6. e3 b6 7. a3 Bxc3 8. Bxc3
Bb7 9. Nd2 O-O 10. f3 Qe7 11. Be2 e5 12. d5 e4 13. f4 c6 14. dxc6 Bxc6 15. Nb3
Ba4 16. g4 Nc5 17. g5 Ne8 18. Rg1 Bxb3 19. Qd4 Bc2 20. Qd2 Bd3 21. Bd1 Bxc4 22.
Qd4 d5 23. f5 f6 24. gxf6 Nxf6 25. b4 Nd3+ 26. Kd2 Rae8 27. Ba4 b5 28. Bd1 Qc7
29. Rg3 Qb6 30. Be2 Qxd4 31. Bxd4 Ne5 32. Bxa7 Bxe2 33. Kxe2 Rc8 34. Bc5 Rf7 35.
a4 bxa4 36. Rxa4 Nd3 37. Bd4 Rfc7 38. Kf1 Rc2 39. Kg1 Rd2 40. Ra1 Rc1+ 41. Rxc1
Nxc1 42. Kf1 Kf7 43. b5 Rd1+ 44. Kg2 Ne2 45. Rh3 Nxd4 46. exd4 Rb1 47. Ra3 Rxb5
48. Ra7+ Kf8 0-1

[Event "25th European Teams Women"]
[Site "Batumi GEO"]
[Date "2025.10.14"]
[Round "9.15"]
[Board "1"]
[White "Zherebtsova, Alexandra"]
[Black "Valcu, Lavinia"]
[Result "1-0"]
[WhiteTitle "FM"]
[WhiteElo "2279"]
[BlackElo "2223"]
[WhiteTeam "Montenegro"]
[BlackTeam "Sweden"]
[WhiteFideId "24129518"]
[BlackFideId "1752197"]
[EventDate "2025.10.05"]

1. d4 Nf6 2. Bf4 d5 3. e3 c5 4. Nf3 Nc6 5. Nbd2 Nh5 6. Bg5 h6 7. Bh4 g5 8. Ne5
Nxe5 9. dxe5 Ng7 10. Bg3 Nf5 11. e4 Nxg3 12. hxg3 Bg7 13. f4 d4 14. Bb5+ Bd7 15.
a4 Qc7 16. Qh5 Bxb5 17. axb5 Qd7 18. Qe2 b6 19. Ra3 f6 20. Qh5+ Kf8 21. exf6
exf6 22. fxg5 hxg5 23. Qxh8+ Bxh8 24. Rxh8+ Kg7 25. Rxa8 Qxb5 26. R3xa7+ Kg6 27.
g4 f5 28. exf5+ Kf6 29. Nf3 Qb4+ 30. c3 dxc3 31. Rf8# 1-0

[Event "25th European Teams Women"]
[Site "Batumi GEO"]
[Date "2025.10.14"]
[Round "9.15"]
[Board "2"]
[White "Ostensson, Julia"]
[Black "Skvortsova, Alena"]
[Result "0-1"]
[BlackTitle "WFM"]
[WhiteElo "1994"]
[BlackElo "2166"]
[WhiteTeam "Sweden"]
[BlackTeam "Montenegro"]
[WhiteFideId "1747703"]
[BlackFideId "24166251"]
[EventDate "2025.10.05"]

1. d4 Nf6 2. c4 e6 3. Nf3 d5 4. Nc3 dxc4 5. e4 b5 6. e5 Nd5 7. Nxb5 Nb6 8. Be2
Be7 9. Be3 O-O 10. O-O Nc6 11. b3 cxb3 12. axb3 Bb7 13. Qb1 a6 14. Nc3 Nd5 15.
Ne4 Nxe3 16. fxe3 Nb4 17. Ra4 Nd5 18. Qd3 a5 19. Nfd2 Ba6 20. Nc4 Nb6 21. Ra2 a4
22. Ned2 c5 23. bxa4 cxd4 24. Qxd4 Nd5 25. Ne4 Bg5 26. Nxg5 Qxg5 27. h4 Qh6 28.
Rf3 Rab8 29. Rc2 Rb1+ 30. Kf2 Ne7 31. Nd6 Qg6 32. Rd2 Bxe2 33. Rxe2 Nc6 34. Qf4
Rb4 35. Qh2 Qh5 36. Rf4 Qxe5 37. Rd2 Rd8 38. Qg3 Rxd6 39. Rxd6 Qxd6 40. Rxb4
Qxg3+ 41. Kxg3 Nxb4 42. Kf4 Kf8 43. Ke5 Ke7 44. Kd4 0-1

[Event "25th European Teams Women"]
[Site "Batumi GEO"]
[Date "2025.10.14"]
[Round "9.15"]
[Board "3"]
[White "Milovic, Aleksandra"]
[Black "Wickstrom, Carina"]
[Result "1-0"]
[WhiteTitle "WIM"]
[WhiteElo "2050"]
[BlackElo "1915"]
[WhiteTeam "Montenegro"]
[BlackTeam "Sweden"]
[WhiteFideId "933988"]
[BlackFideId "1743201"]
[EventDate "2025.10.05"]

1. b3 e5 2. Bb2 Nc6 3. c4 d6 4. e3 g6 5. Nf3 Bg7 6. Be2 f5 7. O-O Nf6 8. d4 e4
9. Nfd2 O-O 10. Nc3 Ne7 11. f3 exf3 12. Bxf3 Nc6 13. Nd5 Re8 14. Re1 Kh8 15.
Nxf6 Qxf6 16. Rb1 Qg5 17. Nf1 Bd7 18. Qd2 Re7 19. b4 Rae8 20. b5 Nd8 21. Qa5 b6
22. Qxa7 Bc8 23. c5 dxc5 24. dxc5 Bxb2 25. Rxb2 bxc5 26. Qxc5 Ne6 27. Qe5+ Ng7
28. Qc3 h5 29. a4 f4 30. exf4 Qxf4 31. Rxe7 Rxe7 32. b6 Rf7 33. Rb4 Qf5 34. b7
Bxb7 35. Rxb7 Qf4 36. a5 g5 37. Qe3 Qf5 38. Rb8+ Rf8 39. Rxf8+ Qxf8 40. a6 g4
41. Qh6+ Kg8 42. Bd5+ 1-0

[Event "25th European Teams Women"]
[Site "Batumi GEO"]
[Date "2025.10.14"]
[Round "9.15"]
[Board "4"]
[White "Andersson, Elsa"]
[Black "Koljevic, Nikolina"]
[Result "0-1"]
[BlackTitle "WFM"]
[WhiteElo "1880"]
[BlackElo "1970"]
[WhiteTeam "Sweden"]
[BlackTeam "Montenegro"]
[WhiteFideId "1757300"]
[BlackFideId "16503945"]
[EventDate "2025.10.05"]

1. e4 c6 2. d4 d5 3. exd5 cxd5 4. Bd3 Nf6 5. c3 Bg4 6. Qc2 Qc7 7. Bg5 Nc6 8. Nd2
e6 9. Ngf3 Be7 10. O-O O-O 11. Bxf6 gxf6 12. Bxh7+ Kg7 13. Bd3 Rh8 14. g3 Rh5
15. Rfe1 Rah8 16. h4 e5 17. Nh2 Be6 18. dxe5 fxe5 19. Ndf1 e4 20. Be2 Nd4 21.
Qd2 Nxe2+ 22. Rxe2 f5 23. f4 Bf6 24. Rd1 Rd8 25. Nf3 exf3 26. Rxe6 d4 27. cxd4
Rxd4 28. Qe1 Qd7 29. Rxd4 Bxd4+ 30. Kh1 Kf7 31. Re5 Bxe5 32. fxe5 Qc6 33. Kg1
Qc2 34. Qd2 Qxd2 35. Nxd2 Ke6 36. Nxf3 Rh8 37. Kf2 Rg8 38. b3 Kd5 39. Ke3 Ke6
40. Kf2 b6 41. a3 Rg7 42. h5 Kd5 43. Ke3 Rxg3 44. Kf4 Rh3 45. h6 Rxh6 46. Kxf5
Re6 47. Kf4 Re8 48. Kf5 Rf8+ 49. Kg4 Ke4 50. e6 Rf4+ 51. Kg5 Kxf3 52. e7 Re4 53.
Kf6 Ke3 54. a4 Kd3 55. Kf7 Kc3 56. e8=Q Rxe8 57. Kxe8 Kxb3 0-1

[Event "25th European Teams Women"]
[Site "Batumi GEO"]
[Date "2025.10.14"]
[Round "9.16"]
[Board "1"]
[White "Dornbusch, Tatiana"]
[Black "Ptacnikova, Lenka"]
[Result "0-1"]
[WhiteTitle "WGM"]
[BlackTitle "WGM"]
[WhiteElo "2240"]
[BlackElo "2167"]
[WhiteTeam "Monaco"]
[BlackTeam "Iceland"]
[WhiteFideId "14107449"]
[BlackFideId "305650"]
[EventDate "2025.10.05"]

1. d4 Nf6 2. c4 e6 3. Nf3 d5 4. Qc2 dxc4 5. Qxc4 c5 6. dxc5 Qd5 7. Qxd5 Nxd5 8.
a3 Bxc5 9. e4 Nf6 10. Nc3 Ng4 11. Bb5+ Bd7 12. O-O a6 13. Bxd7+ Nxd7 14. Bf4 f6
15. b4 Ba7 16. Rad1 Rc8 17. Rd3 Nde5 18. Nxe5 Nxe5 19. Bxe5 fxe5 20. g3 Rf8 21.
Kg2 Rf7 22. f4 exf4 23. Rxf4 Rfc7 24. Rff3 Rc4 25. Kh3 Ke7 26. Kg4 b5 27. h4 Bb8
28. Rde3 Rd8 29. h5 Rd2 30. Kh3 Rc2 31. Rd3 Be5 32. Nd1 Rxe4 33. Ne3 Rc1 34. Rf1
Rxe3 35. Rxe3 Rxf1 36. Rxe5 Rf3 37. Rc5 Rxa3 38. Rc7+ Kf6 39. h6 gxh6 40. Rxh7
Kg6 41. Re7 Kf5 42. Rf7+ Kg5 43. Rg7+ Kf5 44. Rf7+ Ke5 45. Rh7 Ra4 46. Ra7 Kf6
47. g4 Rxb4 48. Rxa6 Rb3+ 49. Kh4 b4 50. Ra8 Rb1 51. Rf8+ Kg7 52. Re8 Kf7 53.
Rb8 b3 54. Kg3 b2 55. Kg2 e5 56. Rb7+ Kg6 57. Rb6+ Kg5 58. Rb5 Kxg4 59. Rb4+ Kf5
60. Rb5 Kf4 61. Rb4+ e4 62. Rb8 e3 63. Rf8+ Kg5 64. Rg8+ Kf6 65. Rf8+ Kg7 66.
Rb8 e2 0-1

[Event "25th European Teams Women"]
[Site "Batumi GEO"]
[Date "2025.10.14"]
[Round "9.16"]
[Board "2"]
[White "Thorsteinsdottir, Hallgerdur"]
[Black "Zvereva, Marija"]
[Result "1-0"]
[WhiteTitle "WFM"]
[BlackTitle "WIM"]
[WhiteElo "2031"]
[BlackElo "2003"]
[WhiteTeam "Iceland"]
[BlackTeam "Monaco"]
[WhiteFideId "2302454"]
[BlackFideId "4121082"]
[EventDate "2025.10.05"]

1. e4 c5 2. Nf3 Nc6 3. c3 d5 4. exd5 Qxd5 5. d4 Bf5 6. dxc5 Qxd1+ 7. Kxd1 O-O-O+
8. Ke1 e5 9. b4 e4 10. Ng5 Bg6 11. Nd2 h6 12. Nh3 Nf6 13. Nf4 Bh7 14. h4 Be7 15.
Nc4 Ng4 16. Ne3 Nxe3 17. Bxe3 g5 18. hxg5 hxg5 19. Ne2 Bg6 20. Rxh8 Rxh8 21. Nd4
Ne5 22. Nb5 Nd3+ 23. Bxd3 exd3 24. Kd2 a6 25. Nd6+ Kc7 26. Nc4 Rh2 27. g3 Bf6
28. a4 Bg7 29. b5 f5 30. Rf1 Bf6 31. Bd4 Be7 32. Ne5 Bh7 33. Nxd3 f4 34. gxf4 g4
35. f5 Bg5+ 36. Ke2 Kc8 37. f6 g3 38. f7 Bh6 39. Be5 g2 40. Rg1 Rh5 41. Bf4 Bf8
42. Rxg2 Rf5 43. Bd6 Rxf7 44. Bxf8 Rxf8 45. Rg4 Bxd3+ 46. Kxd3 Rxf2 47. Kc4
axb5+ 48. axb5 Rf7 49. Re4 Kc7 50. Rd4 Rh7 51. b6+ Kc8 52. Kb5 Rh5 53. Rg4 Rh8
54. Rg5 Kd7 55. Rg7+ Kc8 56. Rc7+ Kb8 57. c6 Rh5+ 58. Kb4 bxc6 59. Rxc6 Kb7 60.
Rd6 Rh1 61. c4 Rb1+ 62. Kc5 Rh1 63. Rd7+ Kb8 64. Kc6 Rh6+ 65. Rd6 Rh8 66. c5 Rg8
67. Kb5 Rg5 68. Rh6 Kb7 69. Rh7+ Kb8 70. b7 Ka7 71. Kc6 Rg6+ 72. Kc7 Rg8 73. c6
Rf8 74. Rd7 Rh8 75. Rd8 Rh7+ 76. Kc8 1-0

[Event "25th European Teams Women"]
[Site "Batumi GEO"]
[Date "2025.10.14"]
[Round "9.16"]
[Board "3"]
[White "Ince, Safiye Oyku"]
[Black "Johannsdottir, Johanna Bjorg"]
[Result "0-1"]
[WhiteTitle "WCM"]
[BlackTitle "WCM"]
[WhiteElo "1998"]
[BlackElo "1975"]
[WhiteTeam "Monaco"]
[BlackTeam "Iceland"]
[WhiteFideId "6391222"]
[BlackFideId "2303108"]
[EventDate "2025.10.05"]

1. e4 d5 2. exd5 Qxd5 3. Nc3 Qd6 4. d4 Nf6 5. g3 c6 6. Bg2 Bf5 7. Bf4 Qd8 8. Nf3
e6 9. O-O Be7 10. Ne5 O-O 11. a4 a5 12. Re1 Na6 13. Nc4 Nb4 14. Ne3 Bg6 15. Na2
Nxa2 16. Rxa2 Nh5 17. Nc4 Nxf4 18. gxf4 Qc7 19. Qc1 Rad8 20. c3 c5 21. dxc5 Bxc5
22. b3 Bf5 23. Rae2 Rd3 24. Re5 Rfd8 25. Be4 Bxe4 26. R5xe4 Rf3 27. R1e2 Rdd3
28. Rc2 f6 29. Qe1 e5 30. fxe5 f5 31. Rd4 Bxd4 32. cxd4 Rxd4 33. Qxa5 Qe7 34.
Nd6 h6 35. Qa8+ Kh7 36. Qxb7 Qg5+ 37. Kf1 Qg4 38. Rc4 Rfd3 39. Rxd4 Rxd4 40. f3
Qh3+ 41. Ke1 Qxh2 42. Nc4 Qc2 0-1

[Event "25th European Teams Women"]
[Site "Batumi GEO"]
[Date "2025.10.14"]
[Round "9.16"]
[Board "4"]
[White "Briem, Gudrun Fanney"]
[Black "Berezovska, Svetlana"]
[Result "1-0"]
[WhiteTitle "WCM"]
[BlackTitle "WCM"]
[WhiteElo "1981"]
[BlackElo "1874"]
[WhiteTeam "Iceland"]
[BlackTeam "Monaco"]
[WhiteFideId "2317486"]
[BlackFideId "5400740"]
[EventDate "2025.10.05"]

1. e4 e5 2. Nf3 Nf6 3. Nxe5 Nxe4 4. d3 Nf6 5. d4 d6 6. Nf3 d5 7. Bd3 Bd6 8. Qe2+
Qe7 9. Qxe7+ Bxe7 10. Bf4 c6 11. O-O O-O 12. h3 h6 13. Nbd2 Be6 14. c3 Nbd7 15.
a4 a5 16. Rfe1 Rfe8 17. Bh2 Nh7 18. Re2 Nhf6 19. Rae1 Kf8 20. Nh4 Nb6 21. b3 Bd7
22. Nf5 Bxf5 23. Bxf5 g6 24. Bd3 Nc8 25. Nf3 Nd6 26. Rxe7 Nde4 27. Rxe8+ Rxe8
28. Bxe4 Nxe4 29. Nd2 f5 30. Nxe4 dxe4 31. f3 g5 32. fxe4 fxe4 33. Be5 Kf7 34.
Kf2 Ke6 35. Rf1 c5 36. Ke3 cxd4+ 37. Bxd4 h5 38. Rf6+ Kd7 39. Rf5 Rg8 40. Rxa5
g4 41. h4 1-0

[Event "25th European Teams Women"]
[Site "Batumi GEO"]
[Date "2025.10.14"]
[Round "9.17"]
[Board "1"]
[White "Arakhamia-Grant, Ketevan"]
[Black "Zaksaite, Salomeja"]
[Result "1-0"]
[WhiteTitle "GM"]
[BlackTitle "WGM"]
[WhiteElo "2269"]
[BlackElo "2133"]
[WhiteTeam "Scotland"]
[BlackTeam "Lithuania"]
[WhiteFideId "13600168"]
[BlackFideId "12801496"]
[EventDate "2025.10.05"]

1. e4 c5 2. Nf3 Nc6 3. d4 cxd4 4. Nxd4 Nf6 5. Nc3 e5 6. Ndb5 d6 7. Bg5 a6 8. Na3
b5 9. Nd5 Be7 10. Bxf6 Bxf6 11. c3 O-O 12. Nc2 Rb8 13. g3 Be6 14. Bg2 Bg5 15.
O-O a5 16. f4 exf4 17. gxf4 Bh6 18. Kh1 f5 19. exf5 Bxf5 20. Nce3 Be6 21. Qh5
Ne7 22. Rad1 Kh8 23. f5 Bxd5 24. Nxd5 Nxd5 25. Rxd5 Qf6 26. Re1 b4 27. Re6 Qg5
28. Qxg5 Bxg5 29. c4 b3 30. axb3 Rxb3 31. Rb5 Rd3 32. Be4 Rd2 33. b3 Bf4 34.
Rxa5 Rxh2+ 35. Kg1 Rb2 36. Rb5 h5 37. f6 gxf6 38. Rxh5+ Kg8 39. Re7 Be3+ 40. Kh1
Rd2 41. Bh7+ Kh8 42. Bf5+ Kg8 43. Be6+ 1-0

[Event "25th European Teams Women"]
[Site "Batumi GEO"]
[Date "2025.10.14"]
[Round "9.17"]
[Board "2"]
[White "Baginskaite, Kamile"]
[Black "Rutherford, Kathleen"]
[Result "1-0"]
[WhiteTitle "WGM"]
[WhiteElo "2158"]
[BlackElo "1806"]
[WhiteTeam "Lithuania"]
[BlackTeam "Scotland"]
[WhiteFideId "2014599"]
[BlackFideId "2404117"]
[EventDate "2025.10.05"]

1. d4 Nf6 2. c4 c5 3. d5 b5 4. cxb5 a6 5. e3 d6 6. Nc3 g6 7. a4 Bg7 8. e4 O-O 9.
Nf3 axb5 10. Bxb5 Ba6 11. Bxa6 Nxa6 12. O-O Qb6 13. a5 Qb7 14. Nd2 Rfb8 15. Nc4
Nd7 16. Bg5 Kf8 17. Na4 Ra7 18. Nab6 Nxb6 19. axb6 Raa8 20. Qb3 Nc7 21. Ra3 Na6
22. Rfa1 h6 23. Bd2 g5 24. Qb5 Nb4 25. Ra7 Bd4 26. Bxb4 cxb4 27. Qc6 Bxb6 28.
Qxb7 1-0

[Event "25th European Teams Women"]
[Site "Batumi GEO"]
[Date "2025.10.14"]
[Round "9.17"]
[Board "3"]
[White "Donitova-Johnstone, Darima"]
[Black "Limontaite, Simona"]
[Result "0-1"]
[BlackTitle "WIM"]
[WhiteElo "1800"]
[BlackElo "2151"]
[WhiteTeam "Scotland"]
[BlackTeam "Lithuania"]
[WhiteFideId "2410036"]
[BlackFideId "12802506"]
[EventDate "2025.10.05"]

1. e4 c5 2. b4 cxb4 3. d4 d5 4. exd5 Qxd5 5. c4 Qd8 6. Qa4+ Qd7 7. Qxd7+ Bxd7 8.
a3 Nc6 9. Nf3 e6 10. Bd3 Nf6 11. O-O Bd6 12. Bd2 bxa3 13. c5 Be7 14. Nxa3 O-O
15. Nc4 Nd5 16. Rfb1 Rfb8 17. Nce5 Be8 18. Nxc6 Bxc6 19. Ne5 Be8 20. c6 bxc6 21.
Rxb8 Rxb8 22. Rxa7 f6 23. Nf3 Bg6 24. Bxg6 hxg6 25. g3 Bd8 26. Ra6 Bb6 27. Bc1
Kf7 28. Ba3 Nc7 29. Ra4 Nb5 30. Bc5 Bxc5 31. dxc5 e5 32. Nd2 Ke6 33. Ra6 Kd5 34.
Rb6 Rxb6 35. cxb6 Nd6 36. Nb3 Nb7 37. Kf1 c5 38. Nd2 Kc6 39. Nc4 Nd6 40. Ne3 c4
41. Ke2 Kxb6 42. f3 Kc5 43. Kd2 Nb5 44. h4 Nd4 45. f4 Nf5 46. Ng4 e4 47. Ne3
Nxe3 48. Kxe3 c3 49. g4 Kc4 50. h5 gxh5 51. gxh5 f5 0-1

[Event "25th European Teams Women"]
[Site "Batumi GEO"]
[Date "2025.10.14"]
[Round "9.17"]
[Board "4"]
[White "Simkunaite, Gabija"]
[Black "Reid, Caitlin"]
[Result "1-0"]
[WhiteTitle "WFM"]
[WhiteElo "2009"]
[BlackElo "1652"]
[WhiteTeam "Lithuania"]
[BlackTeam "Scotland"]
[WhiteFideId "12808253"]
[BlackFideId "2405059"]
[EventDate "2025.10.05"]

1. e4 c5 2. c3 d5 3. exd5 Qxd5 4. d4 cxd4 5. cxd4 Nc6 6. Nf3 e6 7. Nc3 Qd8 8.
Bb5 a6 9. Bxc6+ bxc6 10. O-O Nf6 11. Ne5 Bb7 12. Qb3 Qc7 13. Bf4 Bd6 14. Nxf7
Kxf7 15. Bxd6 Qxd6 16. Qxb7+ Qd7 17. Qxd7+ Nxd7 18. Ne4 Rhb8 19. b3 e5 20. dxe5
Nxe5 21. f4 Nd3 22. Rad1 Nb4 23. Rd2 Nd5 24. Rc1 Kg8 25. g3 Rb6 26. Nc5 Rd8 27.
Na4 Rbb8 28. Rxc6 Nb4 29. Rxd8+ Rxd8 30. Rb6 Rd1+ 31. Kg2 Rd2+ 32. Kh3 Nd3 33.
Rxa6 Nf2+ 34. Kh4 Rxa2 35. Nc5 Rb2 36. Ra7 Nd1 37. h3 Ne3 38. g4 Nd5 39. Ne6 g6
40. Rg7+ Kh8 41. Rd7 Nf6 42. Rf7 Ng8 43. Ng5 Nf6 44. Rxf6 Rxb3 45. Ne6 h5 46.
Rxg6 hxg4 47. hxg4 Rb7 48. Kg5 Rh7 49. f5 Rd7 50. Rf6 Kg8 51. Kg6 Rg7+ 52. Nxg7
Kh8 53. Rf8# 1-0

[Event "25th European Teams Women"]
[Site "Batumi GEO"]
[Date "2025.10.14"]
[Round "9.18"]
[Board "1"]
[White "Ivekovic, Tihana"]
[Black "Pipiras, Filipa Fortuna"]
[Result "1/2-1/2"]
[WhiteTitle "WFM"]
[BlackTitle "FM"]
[WhiteElo "2078"]
[BlackElo "2273"]
[WhiteTeam "Croatia"]
[BlackTeam "Portugal"]
[WhiteFideId "14517825"]
[BlackFideId "1944894"]
[EventDate "2025.10.05"]

1. e4 c6 2. Nf3 d5 3. d3 Qc7 4. g3 dxe4 5. dxe4 e5 6. Bg2 Nf6 7. Nbd2 Bc5 8. O-O
O-O 9. b3 Nbd7 10. Bb2 a5 11. a3 Re8 12. h3 b6 13. Re1 Ba6 14. c4 b5 15. Qc2 Qb6
16. Nf1 bxc4 17. bxc4 Bxc4 18. Ne3 Bb3 19. Qd3 a4 20. Nd2 Rad8 21. Nxb3 Qxb3 22.
Qxb3 axb3 23. a4 Bb4 24. Re2 Nc5 25. Nc4 Nd3 26. Rb1 Nd7 27. Re3 N7c5 28. Bf1
Nxb2 29. Rxb2 Rd1 30. Kg2 Ra1 31. Be2 Rd8 32. a5 Bxa5 33. Nxe5 Bd2 34. Rexb3
Nxb3 35. Rxb3 Rc1 36. Bc4 Kf8 37. Rb7 f6 38. Nxc6 Rc8 39. Rf7+ Ke8 40. Re7+ Kf8
41. Rf7+ Ke8 42. Re7+ 1/2-1/2

[Event "25th European Teams Women"]
[Site "Batumi GEO"]
[Date "2025.10.14"]
[Round "9.18"]
[Board "2"]
[White "Silva, Mariana"]
[Black "Zagorac, Lara"]
[Result "1/2-1/2"]
[WhiteTitle "WFM"]
[BlackTitle "WFM"]
[WhiteElo "2090"]
[BlackElo "2074"]
[WhiteTeam "Portugal"]
[BlackTeam "Croatia"]
[WhiteFideId "1911899"]
[BlackFideId "14580250"]
[EventDate "2025.10.05"]

1. d4 Nf6 2. c4 e6 3. Nc3 Bb4 4. e3 O-O 5. Bd3 d5 6. cxd5 exd5 7. a3 Bd6 8. Qc2
c6 9. Nge2 Re8 10. Bd2 b6 11. f3 c5 12. g4 c4 13. Bf5 Bxf5 14. Qxf5 g6 15. Qc2
Bf8 16. h4 Nc6 17. h5 Na5 18. hxg6 fxg6 19. O-O-O Nb3+ 20. Kb1 b5 21. Nf4 b4 22.
Ncxd5 Nxd2+ 23. Rxd2 Rc8 24. Nxf6+ Qxf6 25. Rdh2 b3 26. Qd2 g5 27. Nh5 Qxf3 28.
Ka1 Rc6 29. Rh3 Qe4 30. Qf2 Qe7 31. Rf1 c3 32. bxc3 Qxa3+ 33. Kb1 Qa2+ 34. Qxa2
bxa2+ 35. Ka1 Bg7 36. Rhf3 Re7 37. Rf5 h6 38. Nxg7 Kxg7 39. d5 Rxc3 40. d6 Rd7
41. Re5 Rxd6 42. Re7+ Kg6 43. Rff7 Re6 44. Rg7+ Kf6 45. Rgf7+ Ke5 46. Rf5+ Kd6
47. Rxa7 Rcxe3 48. Ra6+ Kd7 49. Ra7+ Kc6 50. Ra6+ Kb7 51. Rxe6 Rxe6 52. Kxa2 Re4
53. Rf6 Rxg4 54. Rxh6 Rg1 55. Rg6 g4 56. Kb2 g3 57. Kc2 Rg2+ 58. Kd3 Ra2 59. Ke3
g2 1/2-1/2

[Event "25th European Teams Women"]
[Site "Batumi GEO"]
[Date "2025.10.14"]
[Round "9.18"]
[Board "3"]
[White "Mihaljevic, Eva"]
[Black "Avelino, Camila Biscaya"]
[Result "1-0"]
[BlackTitle "WFM"]
[WhiteElo "2041"]
[BlackElo "1942"]
[WhiteTeam "Croatia"]
[BlackTeam "Portugal"]
[WhiteFideId "14573016"]
[BlackFideId "1938975"]
[EventDate "2025.10.05"]

1. e4 c5 2. Nf3 d6 3. d4 cxd4 4. Nxd4 Nf6 5. Nc3 Nc6 6. Bg5 Bd7 7. Qd2 Rc8 8.
O-O-O Nxd4 9. Qxd4 Qa5 10. Bd2 a6 11. Kb1 Qc5 12. Be3 Qxd4 13. Bxd4 e5 14. Bb6
Be6 15. f3 Nd7 16. Be3 g6 17. g3 f5 18. Bh3 Kf7 19. Rhf1 Nf6 20. Bg5 h6 21. Bxf6
Kxf6 22. f4 Rc4 23. fxe5+ dxe5 24. exf5 gxf5 25. Nd5+ Kg5 26. Ne3 Re4 27. Bxf5
Bxf5 28. Nxf5 Rh7 29. Nh4 Bc5 30. h3 h5 31. Rd8 Rf7 32. Rg8+ 1-0